000 00672cam a22001817a 4500
001 000002091
005 20200929145829.0
008 770311s1973 ve 001 0 spa
040 _aDO-SdBNP
_bspa
_cBNPHU
082 _aV860.08
_bY471h
100 1 _aYepez, Luis
_96732
245 1 3 _aEl hombre y la piedra /
_cLuis Yepez.
260 _aCaracas :
_bAsociación de Escritores Venezolanos,
_c1973.
300 _a180 p. ;
_c16 cm.
490 1 _aCuadernos literarios de la Asociación de Escritores Venezolanos
_vv. 133
650 4 _aLiteratura venezolana
_xColección de escritos
_96733
830 0 _aCuadernos literarios de la Asociación de Escritores Venezolanos ;
_vv. 133
_96734
999 _c1951
_d1951